000 00527nam a22001817a 4500
999 _c190998
_d190998
005 20220817110145.0
010 _aENG-134449
020 _a9788176781930
_c750.00
035 _aEN-117981
037 _bDBAD/PUB
082 _a658.47
100 _aKamaal, Nazeer
245 _aIndustrial Security Management/
_cNazeer Kamaal
260 _aLucknow
_bBharat Book Centre
_c2013
270 _a17, Ashok Marg
_bLucknow
_e226001
_k0522-2288381
300 _aviii, 232p.
_c22cm(hb)
942 _2ddc
_cEN
_h658.47
_mKAM